El Més feliç dels tres / Eugène Labiche ; traducció de Guillem-Jordi Graells ; pròleg de Jaume Melendres
Descripción Física:
174 p. ; 17 cm
MARC
| LEADER | 00000nam a2200000Ia 4500 | ||
|---|---|---|---|
| 001 | 7989 | ||
| 008 | 160829s1988 xx 000 0 cat d | ||
| 080 | |a L-1-164 | ||
| 100 | |a Labiche, Eugène |9 27916 |e autor | ||
| 245 | |a El Més feliç dels tres / Eugène Labiche ; traducció de Guillem-Jordi Graells ; pròleg de Jaume Melendres | ||
| 260 | |a Barcelona : |b Institut del Teatre de la Diputació de Barcelona, |c 1988 | ||
| 300 | |a 174 p. ; |c 17 cm | ||
| 490 | |a Col·lecció popular de teatre clàssic universal ; 29 | ||
| 700 | |a Graells, Guillem-Jordi, |d 1950- |e traductor |9 28834 | ||
| 700 | |a Melendres, Jaume, |d 1941-2009 |e autor del pròleg |9 25255 | ||
| 710 | 1 | |a Institut del Teatre (Barcelona, Catalunya) |9 52662 | |
| 901 | |a Arxiu | ||
| 942 | |n 1 |2 udc | ||
| 952 | |0 0 |1 0 |4 0 |6 L1164 |7 1 |9 44598 |a Arxiu |b Arxiu |d 2016-12-01 |l 0 |o L-1-164 |p 7989 |r 2016-12-01 00:00:00 |w 2016-12-01 |y ARXIU | ||
| 999 | |c 47179 |d 47179 | ||